Fr. Conceicao Rodrigues College of Engineering

Computational fluid dynamics (Record no. 35472)

MARC details
000 -LEADER
fixed length control field 00350nam a2200169Ia 4500
082 ## - DEWEY DECIMAL CLASSIFICATION NUMBER
Item number AND
100 ## - MAIN ENTRY--PERSONAL NAME
Personal name Anderson/John D
245 ## - TITLE STATEMENT
Title Computational fluid dynamics
260 ## - PUBLICATION, DISTRIBUTION, ETC.
Name of publisher, distributor, etc. Mc Graw Hill
Date of publication, distribution, etc. 1995
366 ## - TRADE AVAILABILITY INFORMATION
Publishers's discount category 20
300 ## - PHYSICAL DESCRIPTION
Extent 547
546 ## - LANGUAGE NOTE
Language note ENGLISH
650 ## - SUBJECT ADDED ENTRY--TOPICAL TERM
Topical term or geographic name entry element Fluid dynamics
654 ## - SUBJECT ADDED ENTRY--FACETED TOPICAL TERMS
Focus term fluid dynamics
942 ## - ADDED ENTRY ELEMENTS (KOHA)
Koha item type BOOK
Holdings
Withdrawn status Lost status Damaged status Not for loan Collection Home library Current library Date acquired Source of acquisition Cost, normal purchase price Inventory number Total Checkouts Full call number Barcode Date last seen Cost, replacement price Price effective from Koha item type
        CRC Fr. Agnel's C.Rodrigues College of Engineering Fr. Agnel's C.Rodrigues College of Engineering 17/03/2023 Allied Publisher 620.00 438 dt 28.07.2017   AND 24814 17/03/2023 775.00   BOOK